| 000 | 00781cam a22002413a 4500 | ||
|---|---|---|---|
| 001 | 25898 | ||
| 003 | PGUSA | ||
| 005 | 20140828083546.0 | ||
| 008 | 080625s2008||||xxu|||||s|||||000 | eng d | ||
| 040 |
_aPGUSA _beng |
||
| 042 | _adc | ||
| 050 | 4 | _aDT | |
| 100 | 1 |
_aTesta, Carlos, _d1823-1891 |
|
| 245 | 1 | 2 |
_aA politica intercolonial e internacional e o tratado de Lourenço Marques : _bAdditamento á influencia europea na Africa _h[electronic resource] / _cCarlos Testa |
| 260 |
_bProject Gutenberg, _c2008 |
||
| 506 | _aPublic domain in the USA. | ||
| 516 | _aElectronic text | ||
| 653 | _aMaputo (Mozambique : Province) | ||
| 653 | _aPortugal -- Colonies -- Africa | ||
| 830 | 0 |
_aProject Gutenberg _v25898 |
|
| 856 | 4 | 0 | _uhttp://www.gutenberg.org/ebooks/25898 |
| 942 | _cEB | ||
| 999 |
_c255153 _d255153 |
||